zpět

Detail výsledku týmu

Pěkná brynda ÚT, Beroun

Datum a čas kvízu

38.5 Celkem bodů Celkový počet nahraných bodů na tomto kvízu bez doplňovacích otázek.
3. Pořadí na kvízu Konečné umístění týmu na tomto kvízu.

Zaznamenané odpovědi

# Otázka Odpověď Body Výsledky
1. Organizátoři festivalu Colours... Lorde 1
2. V oblasti okolo černobylské ja... o modrou barvu 1
3. Minulý čtvrtek byl uveden do k... Nepela 1
4. Která automobilka představila... Mazda 1
5. Julie Zárybnická získala minul... V judu 1
6. Ačkoliv je čas večeře, věnujem... vejce; slaninu 1
7. Od slané ke sladké snídani. V... javorový sirup 1
8. „Snídaně v trávě“ není název: D 1
9. V Krkonoších, v místě zvaném K... Mumlava 1
10. Mnozí z nás si snídani bez káv... cascara 0